| 000 | 00633nam a2200217 a 4500 | ||
|---|---|---|---|
| 999 |
_c2851 _d2851 |
||
| 001 | 2851 | ||
| 003 | BD-JhCC | ||
| 005 | 20171107165214.0 | ||
| 008 | 171107s1967 bg |||| ||a| 00| 0 b d | ||
| 035 | _a(BD-JhCC)2851 | ||
| 040 |
_aBD-JhCC _dBD-JhCC |
||
| 041 | _aben | ||
| 082 |
_a891.4435 _bHAY 1967 |
||
| 100 | _aহায়দার, রশীদ | ||
| 245 |
_aনানকুর বোধি / _cরশীদ হায়দার |
||
| 260 |
_aঢাকা : _bকল্যানী প্রকাশনী, _c1967. |
||
| 300 |
_a101 p. : _c20 cm. |
||
| 650 | _aBengali Short stories | ||
| 942 |
_2ddc _cBK |
||